[Event "SV Erkenschwick 1923 II - S"]
[Site " "]
[Date "2023.09.10"]
[Round "1.1"]
[White "Wilger, Frank"]
[Black "Homs, Guust"]
[Result "1/2-1/2"]
[WhiteElo "2116"]
[BlackElo "2094"]
[PlyCount "88"]
[EventDate "2023.??.??"]

1. d4 d5 2. Nf3 Nf6 3. e3 e6 4. Bd3 c5 5. b3 Nc6 6. O-O Be7 7. Bb2 O-O 8. Nbd2 b6 9. c4 cxd4 10. exd4 Bb7 11. Rc1 Rc8 12. Qe2 g6 13. Rfe1 Re8 14. Ne5 dxc4 15. Nxc6 Bxc6 16. bxc4 Bb7 17. Nf3 Nh5 18. Be4 Bxe4 19. Qxe4 Qc7 20. Ne5 Bf6 21. g4 Ng7 22. Qf4 Qd8 23. Rc2 Rc7 24. Qf3 Bg5 25. Qg3 Bh4 26. Qh3 h5 27. Nf3 hxg4 28. Qxg4 Bf6 29. Rd1 Nf5 30. Ne5 Bxe5 31. dxe5 Qh4 32. h3 Rec8 33. Qxh4 Nxh4 34. Rdc1 Kg7 35. Kf1 Nf5 36. Ke2 Rh8 37. Rc3 Rh4 38. c5 bxc5 39. Rxc5 Rb7 40. R1c2 Rhb4 41. Bc3 Rh4 42. Rb2 Rd7 43. Rd2 Rb7 44. Rb2 Rd7 {(=)} 1/2-1/2

[Event "SV Erkenschwick 1923 II - S"]
[Site "?"]
[Date "2023.09.10"]
[Round "1.2"]
[White "Schulz, Dennis"]
[Black "Postma, Dinant"]
[Result "0-1"]
[WhiteElo "1936"]
[BlackElo "2152"]
[PlyCount "79"]
[EventDate "2023.??.??"]

1. d4 d5 2. Nf3 Nf6 3. c4 c6 4. g3 Bf5 5. Nc3 e6 6. Nh4 Bg6 7. Bg2 Nbd7 8. Nxg6 hxg6 9. Bg5 Be7 10. O-O O-O 11. Qd3 Re8 12. Rfd1 Qa5 13. Bd2 Qa6 14. b3 Rad8 15. e3 Bf8 16. Bf1 Qb6 17. c5 Qc7 18. f4 Nh7 19. b4 g5 20. b5 g6 21. a4 Ndf6 22. Rab1 Rb8 23. Qc2 Bg7 24. Bc1 Nd7 25. Be2 Qa5 26. Ba3 gxf4 27. exf4 g5 28. b6 axb6 29. Bb4 Qa8 30. cxb6 Rbc8 31. Bc5 Qa5 32. Na2 Nxc5 33. dxc5 Ra8 34. Rb4 e5 35. Rdb1 e4 36. Nc1 Bf8 37. Qc3 Bxc5+ 38. Kg2 Bxb4 39. Rxb4 c5 40. Nb3 0-1

[Event "SV Erkenschwick 1923 II - S"]
[Site "?"]
[Date "2023.09.10"]
[Round "1.3"]
[White "Buendgen, Achim"]
[Black "Trzaska, Peter"]
[Result "0-1"]
[WhiteElo "2070"]
[BlackElo "2029"]
[PlyCount "68"]
[EventDate "2023.??.??"]

1. d4 d5 2. Bg5 h6 3. Bh4 c6 4. c4 dxc4 5. e4 Nf6 6. Bxf6 exf6 7. Bxc4 Bd6 8. Nc3 O-O 9. Nge2 a6 10. a4 c5 11. d5 f5 12. Qb3 Qe7 13. exf5 Bxf5 14. O-O Qc7 15. Ng3 Bg6 16. Rfe1 Nd7 17. Nce4 Bxe4 18. Rxe4 Nf6 19. Re2 b5 20. Rae1 bxc4 21. Qxc4 Bxg3 22. fxg3 Qd6 23. Rd1 Rfe8 24. Rc2 Rab8 25. b3 Nd7 26. Rc3 Rb4 27. Qf1 Rbe4 28. Rf3 Nf6 29. h3 R8e5 30. Rfd3 Re3 31. Qf4 Rxd3 32. Rxd3 Re1+ 33. Kf2 Qe5 34. Qf3 Qa1 0-1

[Event "SV Erkenschwick 1923 II - S"]
[Site "?"]
[Date "2023.09.10"]
[Round "1.4"]
[White "Al Marawi, Abdulhadi"]
[Black "Gesing, Felix"]
[Result "1/2-1/2"]
[WhiteElo "2007"]
[BlackElo "2072"]
[PlyCount "56"]
[EventDate "2023.??.??"]

1. Nf3 Nf6 2. c4 g6 3. Nc3 Bg7 4. g3 O-O 5. Bg2 d6 6. d4 Nbd7 7. O-O e5 8. e3 Re8 9. b3 Qe7 10. Bb2 Nf8 11. dxe5 dxe5 12. Qc2 c6 13. a4 Bf5 14. e4 Bg4 15. h3 Bxf3 16. Bxf3 Ne6 17. Ne2 Rad8 18. Rfd1 h5 19. Bg2 Qc7 20. Bc3 c5 21. Bd2 Nd4 22. Qd3 Rd7 23. Nxd4 Rxd4 24. Qc2 Red8 25. Be3 R4d7 26. Bg5 Qc6 27. Rd5 Nxd5 28. cxd5 Qd6 1/2-1/2

[Event "SV Erkenschwick 1923 II - S"]
[Site "?"]
[Date "2023.09.10"]
[Round "1.6"]
[White "Riechenberg, Maximilian"]
[Black "Broemmel, Rudolf"]
[Result "1-0"]
[WhiteElo "1902"]
[BlackElo "1934"]
[PlyCount "81"]
[EventDate "2023.??.??"]

1. e4 Nc6 2. d4 d5 3. e5 Bf5 4. c3 e6 5. Bd3 Nge7 6. Nf3 Qd7 7. Qe2 h5 8. Bg5 Bxd3 9. Qxd3 Nf5 10. Nbd2 Be7 11. h4 f6 12. Bf4 O-O-O 13. O-O-O Rdg8 14. Rde1 g5 15. exf6 gxf4 16. fxe7 Nfxe7 17. Ng5 Nd8 18. Ndf3 Ng6 19. Qe2 Re8 20. Ne5 Qg7 21. Nxg6 Qxg6 22. Qf3 Qf6 23. Re2 Rh6 24. Rhe1 c6 25. Qh3 Kc7 26. Re5 Kd6 27. c4 a6 28. cxd5 cxd5 29. Qa3+ Kc7 30. Rxd5 exd5 31. Rxe8 Qc6+ 32. Qc3 Kd7 33. Rf8 Qa4 34. Rxd8+ Kxd8 35. Nf7+ Ke7 36. Qc7+ Ke6 37. Ng5+ Kf5 38. Qc8+ Kg6 39. Qe6+ Kg7 40. Qe7+ Kh8 41. Qf8# 1-0

[Event "SV Erkenschwick 1923 II - S"]
[Site "?"]
[Date "2023.09.10"]
[Round "1.7"]
[White "Bergemann, Martin"]
[Black "Jungbluth, Rolf"]
[Result "1/2-1/2"]
[WhiteElo "1877"]
[BlackElo "1909"]
[PlyCount "35"]
[EventDate "2023.??.??"]

1. d4 d5 2. Bg5 c6 3. e3 Bf5 4. Bd3 Bxd3 5. Qxd3 Qb6 6. Qb3 Qa6 7. Nc3 e6 8. Nge2 Bd6 9. O-O Ne7 10. Bf4 Bxf4 11. Nxf4 Nd7 12. Nd3 O-O 13. Rfe1 Nf5 14. Na4 b6 15. Nb4 Qb7 16. Nd3 Qc7 17. Qa3 Qd6 18. Qxd6 1/2-1/2

[Event "SV Erkenschwick 1923 II - S"]
[Site "?"]
[Date "2023.09.10"]
[Round "1.8"]
[White "Henn, Marcus"]
[Black "Broemmel, Chris"]
[Result "1-0"]
[WhiteElo "1984"]
[BlackElo "1848"]
[PlyCount "93"]
[EventDate "2023.??.??"]

1. Nf3 d5 2. g3 g6 3. Bg2 Bg7 4. d4 c5 5. c4 Nc6 6. cxd5 Nxd4 7. Nc3 Bg4 8. O-O Nxf3+ 9. exf3 Bf5 10. Re1 Bd7 11. Bf4 Kf8 12. Qd2 Nf6 13. Re2 Qa5 14. Rae1 Re8 15. g4 b5 16. g5 Nh5 17. Be3 b4 18. Ne4 Bb5 19. Bxc5 Bxe2 20. Rxe2 Qxa2 21. Nd6 Rd8 22. Rxe7 Kg8 23. Qe3 Rf8 24. f4 Qb1+ 25. Bf1 Qd1 26. h3 h6 27. Nxf7 Qxd5 28. b3 Nxf4 29. gxh6 Bxh6 30. Nxh6+ Rxh6 31. Bc4 Nxh3+ 32. Qxh3 Qxc4 33. Qxh6 Qg4+ 34. Kh2 Qf4+ 35. Qxf4 Rxf4 36. Rxa7 Rf3 37. Kg2 Rxb3 38. Rb7 Rc3 39. Bxb4 Rb3 40. f3 Rb2+ 41. Kg3 Rb1 42. Kf4 Rf1 43. Bc3 g5+ 44. Ke4 Rc1 45. Bd4 Re1+ 46. Be3 Kf8 47. Rb5 1-0

[Event "SV Erkenschwick 1923 II - S"]
[Site "?"]
[Date "2023.09.10"]
[Round "1.5"]
[White "Pollok, Ralf"]
[Black "Strozewski, Frank"]
[Result "0-1"]
[WhiteElo "2003"]
[BlackElo "1994"]
[PlyCount "61"]
[EventDate "2023.??.??"]

1. e4 d6 2. d4 g6 3. Nc3 Bg7 4. Be3 Nc6 5. Qd2 e5 6. Nge2 f5 7. Bg5 Nf6 8. dxe5 Nxe5 9. exf5 Bxf5 10. Nd4 Qd7 11. f4 Nf7 12. O-O-O O-O 13. Bxf6 Bxf6 14. Nd5 Bd8 15. h4 c6 16. Nc3 d5 17. Nxf5 Qxf5 18. Bd3 Qf6 19. g4 Bc7 20. Rdf1 Rae8 21. g5 Qd4 22. Ne2 Qe3 23. h5 Kg7 24. hxg6 hxg6 25. Qxe3 Rxe3 26. Kd2 Rfe8 27. Rh4 c5 28. Nc1 c4 29. Be2 Bb6 30. Rfh1 R3e4 31. Bf1 0-1

[Event "Südlohn- Sterkrade"]
[Site "?"]
[Date "2023.09.10"]
[Round "1.1"]
[White "Stricker, Florian"]
[Black "Mamedov, Aflatun"]
[Result "1-0"]
[WhiteElo "2230"]
[BlackElo "2164"]
[PlyCount "65"]
[EventDate "2023.??.??"]

1. e4 e5 2. Nf3 Nc6 3. Nc3 Nf6 4. h3 h6 5. a3 d6 6. d4 Be7 7. Be3 a6 8. Qd2 g5 9. Bc4 exd4 10. Nxd4 Ne5 11. Ba2 c5 12. Nf3 Be6 13. h4 Nxf3+ 14. gxf3 Bxa2 15. hxg5 Nd7 16. Rxa2 Ne5 17. Qe2 Qa5 18. f4 Nc6 19. f5 b5 20. f6 Bf8 21. Bd2 Nd4 22. Qd3 O-O-O 23. Nd5 b4 24. c3 b3 25. Ra1 Nc2+ 26. Qxc2 bxc2 27. c4 Qc7 28. Nxc7 Kxc7 29. Ba5+ Kd7 30. Bxd8 Kxd8 31. Kd2 Kd7 32. Kxc2 Ke6 33. f4 1-0

[Event "Südlohn- Sterkrade"]
[Site "?"]
[Date "2023.09.10"]
[Round "1.2"]
[White "Kolakovic, Klaudio"]
[Black "Knudsen, Simon"]
[Result "1/2-1/2"]
[WhiteElo "2028"]
[BlackElo "2213"]
[PlyCount "45"]
[EventDate "2023.??.??"]

1. e4 c5 2. Nf3 Nc6 3. c4 g6 4. d4 cxd4 5. Nxd4 Bg7 6. Nxc6 bxc6 7. Bd3 Nf6 8. O-O O-O 9. Nc3 d6 10. Qa4 Qc7 11. Rb1 Rd8 12. h3 d5 13. exd5 cxd5 14. cxd5 Bb7 15. Bf4 Qb6 16. Be3 Qd6 17. Rfd1 Nxd5 18. Nxd5 Qxd5 19. Bf1 Qe4 20. Rxd8+ Rxd8 21. Rd1 Rxd1 22. Qxd1 Bxb2 23. Bxa7 1/2-1/2

[Event "Südlohn- Sterkrade"]
[Site "?"]
[Date "2023.09.10"]
[Round "1.3"]
[White "Aulich, Marcell"]
[Black "Teloeken, Andreas"]
[Result "1-0"]
[WhiteElo "2203"]
[BlackElo "2081"]
[PlyCount "75"]
[EventDate "2023.??.??"]

1. e4 c6 2. d4 d5 3. e5 Bf5 4. Nf3 e6 5. a3 c5 6. dxc5 Bxc5 7. Bb5+ Nc6 8. b4 Bb6 9. O-O Nge7 10. Nbd2 O-O 11. Nb3 Qc7 12. Bb2 Bg4 13. Bxc6 Nxc6 14. Re1 Rac8 15. Rc1 Rfd8 16. h3 Bh5 17. Nbd2 a5 18. b5 Ne7 19. Qe2 Nf5 20. Kh2 Nh4 21. g4 Nxf3+ 22. Qxf3 Bg6 23. c4 Qd7 24. a4 Bc5 25. cxd5 exd5 26. Nb3 Bb4 27. Rxc8 Rxc8 28. Rd1 Rd8 29. Nd4 Be4 30. Qg3 Rc8 31. Qe3 Bc5 32. f3 Bg6 33. h4 h5 34. gxh5 Bxh5 35. Qg5 Bxd4 36. Bxd4 Rc2+ 37. Kg3 g6 38. e6 1-0

[Event "Südlohn- Sterkrade"]
[Site "?"]
[Date "2023.09.10"]
[Round "1.4"]
[White "Engels, Natia"]
[Black "Grewe, Ludger"]
[Result "0-1"]
[WhiteElo "2098"]
[BlackElo "2141"]
[PlyCount "114"]
[EventDate "2023.??.??"]

1. d4 Nf6 2. Nf3 g6 3. g3 Bg7 4. Bg2 O-O 5. O-O d6 6. c4 Nc6 7. Nc3 e5 8. d5 Ne7 9. e4 c6 10. dxc6 bxc6 11. c5 d5 12. exd5 Nfxd5 13. Ne4 a5 14. Re1 Bd7 15. Nd6 f6 16. Nd2 Qc7 17. N2c4 Qa7 18. Bd2 a4 19. Ne4 f5 20. Nc3 e4 21. Nb6 Nxb6 22. cxb6 Qxb6 23. Bg5 Nd5 24. Rc1 Nxc3 25. Qxd7 Qxb2 26. Bf1 Qxa2 27. Qxc6 Rfc8 28. Qd7 Qf7 29. Qd2 Kh8 30. Bh6 a3 31. h4 a2 32. Kh2 Bxh6 33. Qxh6 Rab8 34. Qd2 Qf6 35. Ra1 Rb1 36. Rxa2 Rxe1 37. Ra6 Rd1 38. Qxd1 Nxd1 39. Rxf6 Kg7 40. Ra6 Nxf2 41. Ra2 Ng4+ 42. Kg2 Rc2+ 43. Rxc2 Ne3+ 44. Kf2 Nxc2 45. Bc4 Kf6 46. Be2 Ke5 47. Bd1 Nd4 48. Ba4 Ne6 49. Ke3 Nc7 50. Bb3 Nd5+ 51. Kf2 Kd4 52. Kg2 Nf6 53. Kf2 Kd3 54. Ba4 Kd2 55. Bb5 Nd5 56. Ba6 Nc3 57. Bf1 Nd1+ 0-1

[Event "Südlohn- Sterkrade"]
[Site "?"]
[Date "2023.09.10"]
[Round "1.5"]
[White "Kuckling, Hannah"]
[Black "Hater, Wolfgang"]
[Result "1-0"]
[WhiteElo "2057"]
[BlackElo "2096"]
[PlyCount "119"]
[EventDate "2023.??.??"]

1. e4 e5 2. Nf3 Nc6 3. Bb5 Nge7 4. c3 d6 5. d4 Bd7 6. Be3 Ng6 7. h4 h5 8. Ng5 Qe7 9. Nd2 f6 10. Ngf3 Nd8 11. Bf1 Qf7 12. Qc2 Ne7 13. g3 g6 14. d5 Ng8 15. c4 b6 16. b4 a5 17. c5 bxc5 18. bxc5 Nh6 19. Nc4 Ng4 20. Bd2 dxc5 21. Nxa5 Bd6 22. Nb3 Qe7 23. Bc4 O-O 24. Nxc5 Nxf2 25. Nxd7 Nxh1 26. Nxf8 Kxf8 27. Bh6+ Kg8 28. Qg2 Bb4+ 29. Kf1 Qc5 30. Bb3 Kh7 31. Bc1 Bc3 32. Rb1 Nf7 33. Qxh1 Qb5+ 34. Kg2 Qd3 35. Bd2 Qe2+ 36. Kh3 Bxd2 37. Nxd2 Qxd2 38. Qf3 Kg7 39. Rf1 Ra6 40. Rf2 Qb4 41. Rc2 Ra7 42. Qe3 Rb7 43. Rc4 Qe7 44. Rc6 Nd6 45. Bc2 Qd7+ 46. Kg2 Nb5 47. Qf3 Qd8 48. Qb3 Qc8 49. Qb4 Qd8 50. a4 Nd6 51. Rxd6 Qxd6 52. Qxb7 Qc5 53. Qb3 f5 54. exf5 gxf5 55. Bxf5 Qd4 56. Qf3 Qxa4 57. Qxh5 Qa2+ 58. Kh3 Qxd5 59. Qg6+ Kf8 60. Qf6+ 1-0

[Event "Südlohn- Sterkrade"]
[Site "?"]
[Date "2023.09.10"]
[Round "1.6"]
[White "Funke, Reinhard"]
[Black "Herud, Martin"]
[Result "1-0"]
[WhiteElo "2056"]
[BlackElo "1977"]
[PlyCount "39"]
[EventDate "2023.??.??"]

1. Nf3 d5 2. d4 Nf6 3. c4 c6 4. g3 Bf5 5. Bg2 e6 6. O-O Be7 7. b3 O-O 8. Bb2 Nbd7 9. Nc3 Rc8 10. Qd2 Ne4 11. Nxe4 Bxe4 12. cxd5 cxd5 13. Rac1 Qb6 14. Rxc8 Rxc8 15. Rc1 Rc6 16. Ne5 Nxe5 17. Bxe4 dxe4 18. dxe5 Rxc1+ 19. Qxc1 Bc5 20. Bd4 1-0

[Event "Südlohn- Sterkrade"]
[Site "?"]
[Date "2023.09.10"]
[Round "1.7"]
[White "Finke, Tobias"]
[Black "Teloeken, Daniel"]
[Result "1/2-1/2"]
[WhiteElo "2054"]
[BlackElo "1882"]
[PlyCount "115"]
[EventDate "2023.??.??"]

1. Nf3 c5 2. c4 Nc6 3. b3 Nf6 4. Bb2 e6 5. e3 d5 6. Be2 d4 7. exd4 cxd4 8. d3 e5 9. Nbd2 Bd6 10. a3 a5 11. O-O O-O 12. Qc2 Qe7 13. Rfe1 Re8 14. Bf1 Qf8 15. g3 h6 16. Bg2 Bf5 17. Ne4 Nxe4 18. dxe4 Be6 19. Rec1 b6 20. Ne1 Rac8 21. Qe2 Rc7 22. Nd3 Nb8 23. f4 f6 24. f5 Bf7 25. a4 Na6 26. Qd1 Nc5 27. Ba3 Nxe4 28. Bxe4 Bxa3 29. Rc2 Bb4 30. Qf3 Qd6 31. h4 Rec8 32. g4 Bc3 33. Rf1 Qa3 34. Nc1 Qe7 35. Rg2 Kf8 36. g5 hxg5 37. hxg5 Ke8 38. g6 Bg8 39. Bd5 Bxd5 40. Qxd5 Qc5 41. Qg8+ Qf8 42. Qe6+ Qe7 43. Qxb6 Rb7 44. Qa6 Rcb8 45. Qc6+ Qd7 46. Qe4 Rc8 47. Rh2 Qc6 48. Rh8+ Ke7 49. Qh4 Bd2 50. Rh7 Be3+ 51. Kh2 Rg8 52. Rh8 Rbb8 53. Rxg8 Rxg8 54. Kg3 Qc8 55. Nd3 Rh8 56. Qg4 Qb8 57. Qe4 Qxb3 58. Qc6 1/2-1/2

[Event "Gütersloh- Holsterhausen"]
[Site "?"]
[Date "2023.09.10"]
[Round "1.1"]
[White "Schwalen, Peter"]
[Black "Plaßmann, Dominik"]
[Result "1/2-1/2"]
[WhiteElo "2108"]
[BlackElo "2134"]
[PlyCount "81"]
[EventDate "2023.??.??"]

1. e4 c5 2. Ne2 Nc6 3. g3 d5 4. Bg2 dxe4 5. Nbc3 Bg4 6. Nxe4 Nd4 7. N4c3 Nf6 8. h3 Bf3 9. Bxf3 Nxf3+ 10. Kf1 Qd7 11. Ng1 Nd4 12. Nce2 Qc6 13. Rh2 Nf5 14. d3 O-O-O 15. b3 e5 16. g4 Nh4 17. Bg5 Ng6 18. Bxf6 gxf6 19. Ng3 Bh6 20. Qf3 Qa6 21. Ne4 Bf4 22. Rh1 Nh4 23. Qd1 Qc6 24. Qe2 h5 25. Nf3 hxg4 26. hxg4 Ng6 27. Rg1 Rh3 28. Ng3 Bxg3 29. fxg3 Nf4 30. Qe4 Qxe4 31. dxe4 Ne6 32. Kg2 Rhh8 33. Rh1 Rhg8 34. Rh4 Nd4 35. Nxd4 Rxd4 36. Rf1 Rg6 37. Kf3 Rd2 38. Rf2 Rxf2+ 39. Kxf2 Kd7 40. Kf3 Rg8 41. Rh2 1/2-1/2

[Event "Gütersloh- Holsterhausen"]
[Site "?"]
[Date "2023.09.10"]
[Round "1.2"]
[White "Ebert, Manuel"]
[Black "Walbaum, Klaus"]
[Result "1/2-1/2"]
[WhiteElo "2116"]
[BlackElo "2105"]
[PlyCount "106"]
[EventDate "2023.??.??"]

1. c4 c5 2. g3 g6 3. Bg2 Bg7 4. Nc3 Nc6 5. Nf3 e5 6. O-O Nge7 7. a3 O-O 8. Rb1 a5 9. e3 d6 10. d3 Rb8 11. Bd2 h6 12. Qc2 Be6 13. Rfe1 b6 14. e4 f5 15. Nb5 g5 16. exf5 Bxf5 17. Bc3 Qd7 18. Nd2 Na7 19. Nxa7 Qxa7 20. b4 axb4 21. axb4 b5 22. cxb5 Rxb5 23. Bxe5 Rxb4 24. Bxd6 Rxb1 25. Nxb1 Bf6 26. Bxc5 Qd7 27. Be4 Be6 28. Qe2 Re8 29. Nd2 Bf7 30. Qf3 Bc3 31. Rd1 Rc8 32. Bxe7 Qxe7 33. Qf5 Qe6 34. Nc4 Qxf5 35. Bxf5 Rd8 36. Rc1 Bd4 37. Ne3 Rb8 38. Rc8+ Rxc8 39. Bxc8 Bg6 40. Ba6 Kg7 41. Kg2 Kf7 42. Nc2 Bc5 43. Ne1 Kf6 44. Nf3 g4 45. Nd2 Ke5 46. Nb3 Bb6 47. f3 gxf3+ 48. Kxf3 Bh5+ 49. g4 Be8 50. Bb7 Ba4 51. d4+ Kf6 52. Bd5 Bxb3 53. Bxb3 Bxd4 1/2-1/2

[Event "Gütersloh- Holsterhausen"]
[Site "?"]
[Date "2023.09.10"]
[Round "1.3"]
[White "Sicars, Thorsten"]
[Black "Hofmann, Martin"]
[Result "1-0"]
[WhiteElo "2004"]
[BlackElo "2015"]
[PlyCount "115"]
[EventDate "2023.??.??"]

1. c4 c6 2. Nf3 d5 3. e3 Nf6 4. Nc3 e6 5. b3 Nbd7 6. Qc2 Bd6 7. Bb2 O-O 8. Be2 e5 9. cxd5 Nxd5 10. Ne4 Bc7 11. Neg5 N5f6 12. Ba3 c5 13. Bc4 h6 14. h4 Qe7 15. Nxf7 Rxf7 16. Ng5 hxg5 17. hxg5 Nf8 18. Bxc5 Bd6 19. Bxd6 Qxd6 20. Bxf7+ Kxf7 21. gxf6 gxf6 22. Rc1 Bd7 23. Qc4+ Ke7 24. O-O Bc6 25. Qg8 Re8 26. Qg7+ Kd8 27. d4 exd4 28. exd4 Kc8 29. Rfd1 Kb8 30. d5 Bd7 31. Re1 Re5 32. Rxe5 fxe5 33. Re1 Ng6 34. Qg8+ Bc8 35. Rc1 Ne7 36. Qf8 a6 37. g3 e4 38. Re1 Qe5 39. d6 Qxd6 40. Rxe4 Qd1+ 41. Kg2 Nc6 42. Qf4+ Ka7 43. Qe3+ b6 44. Ra4 Bb7 45. f3 Ne5 46. Rf4 Qc2+ 47. Kh3 Nd3 48. Rf7 Qd1 49. Kg4 Qf1 50. Kg5 Nf2 51. f4 Nh3+ 52. Kg6 Qb1+ 53. f5 Qd1 54. Qe4 Qd6+ 55. Kh5 Qb8 56. Qxb7+ Qxb7 57. Rxb7+ Kxb7 58. f6 1-0

[Event "Gütersloh- Holsterhausen"]
[Site "?"]
[Date "2023.09.10"]
[Round "1.5"]
[White "Kortenbusch, Christoph"]
[Black "Lueckner, Andreas"]
[Result "1/2-1/2"]
[WhiteElo "2073"]
[BlackElo "2002"]
[PlyCount "31"]
[EventDate "2023.??.??"]

1. e4 c5 2. Nf3 e6 3. b3 b6 4. Bb2 Bb7 5. d3 Nf6 6. e5 Nd5 7. Nbd2 Be7 8. Ne4 O-O 9. c4 Nc7 10. Qd2 Ne8 11. h4 d5 12. cxd5 exd5 13. Neg5 d4 14. Qf4 Nc7 15. Qg4 Qd7 16. Qh5 1/2-1/2

[Event "Gütersloh- Holsterhausen"]
[Site "?"]
[Date "2023.09.10"]
[Round "1.6"]
[White "Hanhoerster, Stephan"]
[Black "Lindenmaier, Reinhard"]
[Result "1/2-1/2"]
[WhiteElo "2094"]
[BlackElo "2050"]
[PlyCount "31"]
[EventDate "2023.??.??"]

1. e4 Nf6 2. Nc3 d5 3. e5 d4 4. exf6 dxc3 5. fxg7 cxd2+ 6. Qxd2 Qxd2+ 7. Bxd2 Bxg7 8. O-O-O Nc6 9. Ne2 Bd7 10. Bc3 Bxc3 11. Nxc3 O-O-O 12. Bc4 Ne5 13. Be2 Bc6 14. f3 Rhg8 15. Rxd8+ Rxd8 16. Re1 1/2-1/2

[Event "Gütersloh- Holsterhausen"]
[Site "?"]
[Date "2023.09.10"]
[Round "1.7"]
[White "Heidamezhad, Ben- Ali"]
[Black "Grochtmann, Stephan"]
[Result "0-1"]
[WhiteElo "1951"]
[BlackElo "1928"]
[PlyCount "72"]
[EventDate "2023.??.??"]

1. e4 c5 2. Nf3 e6 3. d3 Nc6 4. g3 d6 5. Bg2 Nf6 6. Nbd2 Be7 7. c3 Bd7 8. O-O O-O 9. Re1 Rc8 10. Nf1 b5 11. d4 d5 12. exd5 Nxd5 13. Ne3 Nf6 14. d5 exd5 15. Nxd5 Nxd5 16. Qxd5 Bg4 17. Qe4 Qd7 18. Bf4 Rfd8 19. Ne5 Nxe5 20. Bxe5 Bf8 21. Qf4 f6 22. Bxf6 gxf6 23. Qxf6 Bg7 24. Qg5 Qf5 25. Qe7 Rd2 26. f3 Rxb2 27. Re2 Rxe2 28. Qxe2 Qe6 29. Qd2 Bf5 30. Re1 Qf6 31. g4 Rd8 32. Qe2 Bd3 33. Qe3 Qxc3 34. Qe6+ Kh8 35. h4 Qd4+ 36. Kh1 Qf6 0-1

[Event "Langenfeld- Bochum 2"]
[Site "?"]
[Date "2023.09.10"]
[Round "1.1"]
[White "Kraemer, Matthias"]
[Black "Keller, Karsten"]
[Result "1/2-1/2"]
[WhiteElo "2239"]
[BlackElo "2201"]
[PlyCount "39"]
[EventDate "2023.??.??"]

1. e4 g6 2. d4 Bg7 3. Nc3 c6 4. Nf3 d5 5. Bf4 Bg4 6. exd5 cxd5 7. Nb5 Na6 8. h3 Bxf3 9. Qxf3 Nf6 10. Bd3 O-O 11. c3 Nh5 12. Be3 Nf6 13. O-O Nc7 14. a4 a6 15. Nxc7 Qxc7 16. Bg5 Qd7 17. Rfe1 Rfe8 18. a5 h6 19. Bh4 Nh7 20. Bc2 1/2-1/2

[Event "Langenfeld- Bochum 2"]
[Site "?"]
[Date "2023.09.10"]
[Round "1.2"]
[White "Reinemer, Frank"]
[Black "Heinbuch, Detlef"]
[Result "0-1"]
[WhiteElo "2087"]
[BlackElo "2247"]
[PlyCount "100"]
[EventDate "2023.??.??"]

1. d4 d5 2. c4 c6 3. cxd5 cxd5 4. Nc3 Nf6 5. Bf4 Nc6 6. e3 Bf5 7. Bb5 Rc8 8. Nf3 e6 9. O-O Bd6 10. Bxd6 Qxd6 11. Qa4 O-O 12. Bxc6 bxc6 13. Qxa7 Qb4 14. Qa3 Qxa3 15. bxa3 Ra8 16. Rfc1 Rfc8 17. Ne5 Ra6 18. Nb5 Ne8 19. a4 f6 20. Nd7 e5 21. Nc5 Rb6 22. Nc3 exd4 23. exd4 Rb4 24. Nb3 Nd6 25. Re1 Kf7 26. Re2 h5 27. f3 Re8 28. Rae1 Rxe2 29. Rxe2 Bd3 30. Rd2 Ba6 31. Nc5 Bc8 32. Re2 Rxd4 33. a5 Rc4 34. a6 Bxa6 35. Nxa6 Rxc3 36. Nb4 Rc4 37. Nd3 Nb5 38. Kf1 Ra4 39. Rc2 Nd4 40. Rb2 Ra3 41. Nb4 Ke6 42. Nc2 Nxc2 43. Rxc2 Kd6 44. Ke1 c5 45. Kd1 c4 46. Kc1 Kc5 47. Kb2 Re3 48. Kc1 d4 49. Rb2 Re1+ 50. Kd2 c3+ 0-1

[Event "Langenfeld- Bochum 2"]
[Site "?"]
[Date "2023.09.10"]
[Round "1.3"]
[White "Wolter, Detlef"]
[Black "Reuter, Michael"]
[Result "1/2-1/2"]
[WhiteElo "2197"]
[BlackElo "2052"]
[PlyCount "74"]
[EventDate "2023.??.??"]

1. d4 d5 2. Nc3 Nf6 3. Bf4 c6 4. Nf3 Bf5 5. Ne5 e6 6. f3 h5 7. a3 Bd6 8. e3 Qc7 9. Bd3 Bh7 10. Qd2 Nbd7 11. Nxd7 Qxd7 12. Ne2 O-O-O 13. O-O-O Rde8 14. Qc3 Qc7 15. Bxh7 Rxh7 16. Bxd6 Qxd6 17. Nf4 e5 18. Nd3 e4 19. Ne5 g5 20. h3 Kb8 21. b4 Ng8 22. fxe4 f6 23. Nd3 Rxe4 24. Nc5 Re8 25. Qd3 Rhe7 26. Rhe1 Qg3 27. Qg6 Kc7 28. Kb2 b6 29. Nd3 Qxg2 30. Qxh5 Qe4 31. Nf2 Rh7 32. Qe2 Qe6 33. e4 Rh4 34. Qa6 dxe4 35. Qxa7+ Kc8 36. Qa8+ Kc7 37. Qa7+ Kc8 1/2-1/2

[Event "Langenfeld- Bochum 2"]
[Site "?"]
[Date "2023.09.10"]
[Round "1.4"]
[White "Pejkovic, Patrick"]
[Black "Pewny, Uwe"]
[Result "0-1"]
[WhiteElo "2122"]
[BlackElo "2219"]
[PlyCount "96"]
[EventDate "2023.??.??"]

1. d4 d6 2. e4 Nf6 3. Nc3 e5 4. dxe5 dxe5 5. Qxd8+ Kxd8 6. Bc4 Be6 7. Bxe6 fxe6 8. f4 Bb4 9. fxe5 Nxe4 10. Nge2 Nd7 11. Be3 Nxc3 12. Nxc3 Bxc3+ 13. bxc3 Rf8 14. O-O-O h6 15. Rd2 Rf7 16. Re1 Ke8 17. Bg1 Nb8 18. h3 Nc6 19. g4 Rd8 20. Rg2 Rf3 21. Rf2 Rxf2 22. Bxf2 Rd7 23. Re3 Rf7 24. Bh4 Rf4 25. Bg3 Rc4 26. Kb2 Ne7 27. Kb3 b5 28. Rd3 Nd5 29. Bf2 a6 30. Rf3 g5 31. Be1 c5 32. Bf2 Ke7 33. Kb2 Nf4 34. Be3 Nd5 35. Bf2 Ke8 36. Bg1 Rf4 37. Rxf4 Nxf4 38. Bxc5 Nxh3 39. c4 bxc4 40. Kc3 Nf4 41. Kxc4 Kd7 42. Bf8 h5 43. gxh5 Nxh5 44. Kc5 g4 45. Kb6 Nf4 46. Bc5 g3 47. Kb7 g2 48. Bf2 Nh3 0-1

[Event "Langenfeld- Bochum 2"]
[Site "?"]
[Date "2023.09.10"]
[Round "1.5"]
[White "Schaefers, Andreas"]
[Black "Brochhagen, Thomas"]
[Result "1/2-1/2"]
[WhiteElo "2011"]
[BlackElo "1991"]
[PlyCount "49"]
[EventDate "2023.??.??"]

1. d4 c5 2. d5 e5 3. e4 d6 4. Nc3 Be7 5. Nf3 Bg4 6. h3 Bxf3 7. Qxf3 Bg5 8. Bxg5 Qxg5 9. Qg4 Qxg4 10. hxg4 a6 11. a4 b6 12. g5 g6 13. Be2 f6 14. gxf6 Nxf6 15. g4 Nbd7 16. g5 Ng8 17. Kd2 Kf7 18. Rh2 h5 19. gxh6 Rxh6 20. Rxh6 Nxh6 21. Rh1 Kg7 22. Nd1 Nf6 23. Ke3 Nhg4+ 24. Bxg4 Nxg4+ 25. Ke2 1/2-1/2

[Event "Langenfeld- Bochum 2"]
[Site "?"]
[Date "2023.09.10"]
[Round "1.6"]
[White "Wolfradt, Dirk"]
[Black "Goralski, Christian"]
[Result "1/2-1/2"]
[WhiteElo "2112"]
[BlackElo "2101"]
[PlyCount "21"]
[EventDate "2023.??.??"]

1. d4 d5 2. c4 dxc4 3. Nf3 Nf6 4. e3 e6 5. Bxc4 a6 6. a4 c5 7. Nc3 Nc6 8. O-O Be7 9. dxc5 Bxc5 10. Qxd8+ Kxd8 11. e4 1/2-1/2

[Event "Langenfeld- Bochum 2"]
[Site "?"]
[Date "2023.09.10"]
[Round "1.7"]
[White "Hinkmann, Jens"]
[Black "Hendrichs, Udo"]
[Result "1-0"]
[WhiteElo "2075"]
[BlackElo "1972"]
[PlyCount "51"]
[EventDate "2023.??.??"]

1. e4 e6 2. d4 d5 3. e5 c5 4. c3 Nc6 5. Nf3 Bd7 6. a3 cxd4 7. cxd4 Be7 8. Nc3 h5 9. h4 Nh6 10. Bd3 a6 11. b4 Qc7 12. Bb2 Nxd4 13. Nxd4 Qxe5+ 14. Nce2 Qd6 15. Nf3 Bf6 16. Bxf6 gxf6 17. Rc1 e5 18. Be4 Be6 19. Rc5 Rd8 20. Bb1 b6 21. Rc1 d4 22. Ng3 f5 23. Ng5 d3 24. Bxd3 Qxd3 25. Qxd3 Rxd3 26. Nxe6 1-0

[Event "Münster 3- Katernberg 3"]
[Site "?"]
[Date "2023.09.10"]
[Round "1.1"]
[White "Rosen, Willy"]
[Black "Korth, Daniel"]
[Result "0-1"]
[WhiteElo "2114"]
[BlackElo "2167"]
[PlyCount "52"]
[EventDate "2023.??.??"]

1. e4 e5 2. Nf3 Nc6 3. Be2 Nf6 4. d3 Be7 5. c3 O-O 6. O-O d5 7. Qc2 h6 8. b4 a6 9. a3 Re8 10. Re1 Bf8 11. Nbd2 Be6 12. Nf1 Qd7 13. Ne3 Rad8 14. Bb2 Qc8 15. Bf1 d4 16. cxd4 exd4 17. Nc4 Bg4 18. Ncd2 Nh7 19. h3 Bh5 20. g4 Bxg4 21. hxg4 Qxg4+ 22. Bg2 Bd6 23. Nf1 Ng5 24. Nxg5 Qxg5 25. Bc1 Qh4 26. f3 Qxe1 0-1

[Event "Münster 3- Katernberg 3"]
[Site "?"]
[Date "2023.09.10"]
[Round "1.2"]
[White "Mueschenich, Stefan"]
[Black "Heldt, Maximilian"]
[Result "1/2-1/2"]
[WhiteElo "2140"]
[BlackElo "2041"]
[PlyCount "39"]
[EventDate "2023.??.??"]

1. e4 e6 2. d4 d5 3. Nc3 dxe4 4. Nxe4 Nd7 5. g3 Ngf6 6. Nxf6+ Nxf6 7. Bg2 c5 8. Nf3 cxd4 9. Qxd4 Qxd4 10. Nxd4 Bc5 11. Nb3 Bb6 12. O-O O-O 13. Bf4 Nd5 14. Bd6 Rd8 15. Bc5 Bxc5 16. Nxc5 b6 17. Nd3 Ba6 18. Rfd1 Rac8 19. Bxd5 exd5 20. Nb4 1/2-1/2